000 00485nam a2200181Ia 4500
001 9210
005 20260306160706.0
008 260306t2016||||xx |||||||||||||| ||spa||
041 _aESP
082 _a375.006
_bC24
100 _aCamacho Sanabria, Carmen Amalia
_eAUT
245 0 _aEvaluación curricular:
_brealidades y desafíos en la Universidad de La Salle
260 _c2016
300 _a156 páginas :
_c24 cm.
650 _aGEN
654 _aCED
942 _cLIB
_dJUS
_fJUS
_2ddc
_n
999 _c9210
_d9210